[Event "4NCL Online Division 5"]
[Site "online"]
[Date "2021.09.21"]
[EventDate "2021.09.21"]
[Round "3.241"]
[White "Leigh, Dominic"]
[WhiteElo "1721"]
[WhiteTeam "Hackney Spice Boys"]
[Black "Baig, Huzaifa"]
[BlackElo "1339"]
[BlackTeam "Colchester JFF B"]
[Result "1/2-1/2"]
[PlyCount "175"]

1. d4 d5 2. c4 c6 3. Nc3 Nf6 4. Nf3 e6 5. Bg5 Be7 6. e3 Nbd7 7. Bd3 h6 8. Bh4 c5 9. cxd5 Nxd5 10. Nxd5 Bxh4 11. Nxh4 exd5 12. Nf5 c4 13. Nd6+ Kf8 14. Bf5 Qf6 15. Bxd7 Qxd6 16. Bxc8 Rxc8 17. O-O g6 18. Qg4 Kg7 19. Rac1 Qe6 20. Qg3 Rhe8 21. Qf3 Qe4 22. a4 Qxf3 23. gxf3 a6 24. a5 Rc6 25. Ra1 b5 26. axb6 Rxb6 27. Ra2 Reb8 28. Rfa1 Rxb2 29. Rxa6 Rc8 30. Rc1 c3 31. Raa1 Rd2 32. Kf1 c2 33. Ke1 Rd3 34. Ke2 Rb3 35. Ra2 Rb1 36. Rcxc2 Rxc2+ 37. Rxc2 Rh1 38. Rc5 Rxh2 39. Rxd5 h5 40. Re5 h4 41. Re4 h3 42. d5 Rh1 43. d6 h2 44. Rh4 Kf6 45. d7 Ke7 46. Rd4 Kd8 47. Rh4 Kxd7 48. f4 Ke6 49. Kf3 Kf5 50. e4+ Ke6 51. Kg2 Rg1+ 52. Kxh2 Re1 53. f3 Re2+ 54. Kg3 Re1 55. Rh2 Ra1 56. Rc2 Rg1+ 57. Rg2 Ra1 58. Rc2 Rg1+ 59. Kf2 Ra1 60. Rc5 Ra2+ 61. Kg3 Ra1 62. f5+ gxf5 63. Rxf5 Rg1+ 64. Kf4 f6 65. e5 fxe5+ 66. Rxe5+ Kf6 67. Rc5 Ra1 68. Rc6+ Kf7 69. Kg5 Ra5+ 70. Kg4 Ra4+ 71. f4 Ra5 72. f5 Ra4+ 73. Kg5 Ra1 74. Rc7+ Kf8 75. Kg6 Rf1 76. Kf6 Kg8 77. Rc5 Rf2 78. Re5 Kf8 79. Ke6 Ra2 80. Kf6 Rf2 81. Rd5 Kg8 82. Ke6 Re2+ 83. Re5 Rxe5+ 84. Kxe5 Kf7 85. f6 Kf8 86. Ke6 Ke8 87. f7+ Kf8 88. Kf6 1/2-1/2

[Event "4NCL Online Division 5"]
[Site "online"]
[Date "2021.09.21"]
[EventDate "2021.09.21"]
[Round "3.242"]
[White "Catabay, Rezin C"]
[WhiteElo "1347"]
[WhiteTeam "Colchester JFF B"]
[Black "Morgan, Marc"]
[BlackElo "1625"]
[BlackTeam "Hackney Spice Boys"]
[Result "0-1"]
[PlyCount "32"]

1. c4 g6 2. e4 Bg7 3. d4 d6 4. Nf3 Nd7 5. Nc3 e5 6. Be3 Ne7 7. Be2 f5 8. O-O f4 9. Bc1 h6 10. b3 g5 11. h3 Ng6 12. Bb2 h5 13. d5 g4 14. hxg4 hxg4 15. Nh2 Qh4 16. f3 g3 0-1

[Event "4NCL Online Division 5"]
[Site "online"]
[Date "2021.09.21"]
[EventDate "2021.09.21"]
[Round "3.243"]
[White "Robinson, Joe"]
[WhiteElo "1467"]
[WhiteTeam "Hackney Spice Boys"]
[Black "Shiva, Shrishti"]
[BlackElo "1342"]
[BlackTeam "Colchester JFF B"]
[Result "0-1"]
[PlyCount "82"]

1. d4 d5 2. Bf4 Nc6 3. Nc3 a6 4. e3 Bf5 5. Nf3 e6 6. a3 Nf6 7. Be2 Bd6 8. O-O Ne7 9. Ne5 O-O 10. h3 h6 11. g4 Bh7 12. g5 hxg5 13. Bxg5 Ng6 14. Nxg6 Bxg6 15. Bd3 Bh7 16. Bxh7+ Kxh7 17. Qd3+ Kg8 18. Ne2 Be7 19. Ng3 Nh7 20. Bxe7 Qxe7 21. e4 Rad8 22. Rae1 Qh4 23. Kg2 Rde8 24. e5 Ng5 25. Rh1 f6 26. Qd2 fxe5 27. Rxe5 Nf3 28. Qe3 Nxe5 29. Qxe5 Qf6 30. Qe2 Qxd4 31. c3 Qf4 32. Rf1 Rf7 33. Nh5 Qg5+ 34. Kh2 Ref8 35. Qg4 Rxf2+ 36. Rxf2 Rxf2+ 37. Kg3 Qe3+ 38. Kh4 Qh6 39. b4 Rf5 40. a4 Kf7 41. a5 g6 0-1

[Event "4NCL Online Division 5"]
[Site "online"]
[Date "2021.09.21"]
[EventDate "2021.09.21"]
[Round "3.244"]
[White "Balaggan, Karam S"]
[WhiteElo "1315"]
[WhiteTeam "Colchester JFF B"]
[Black "Saunois, Anthony"]
[BlackElo "1400"]
[BlackTeam "Hackney Spice Boys"]
[Result "1-0"]
[PlyCount "65"]

1. e4 d6 2. d4 Nf6 3. Nc3 g6 4. Be3 Bg7 5. Nf3 c6 6. Bd3 Ng4 7. Bf4 e5 8. Bg5 f6 9. Bh4 g5 10. Bg3 Be6 11. h3 Nh6 12. d5 cxd5 13. Nxd5 Qa5+ 14. c3 Bxd5 15. exd5 Qxd5 16. Bg6+ Qf7 17. Bxf7+ Nxf7 18. Qd5 Nc6 19. O-O O-O 20. b4 Rae8 21. a3 f5 22. Nxg5 Ne7 23. Qa2 f4 24. Nxf7 Rxf7 25. Bh4 Nf5 26. g3 Nxh4 27. gxh4 Rf8 28. Kh1 e4 29. Rg1 e3 30. fxe3 fxe3 31. Rgf1 Bxc3 32. Rxf7 Rxf7 33. Rf1 1-0

[Event "4NCL Online Division 5"]
[Site "online"]
[Date "2021.09.21"]
[EventDate "2021.09.21"]
[Round "3.251"]
[White "Shah, Prem C"]
[WhiteElo "1114"]
[WhiteTeam "Watford Juniors B"]
[Black "Love, Phil"]
[BlackElo "1599"]
[BlackTeam "Shropshire and Friends 6"]
[Result "1/2-1/2"]
[PlyCount "76"]

1. e4 c5 2. Nc3 g6 3. Bc4 Bg7 4. Qf3 e6 5. Nge2 Ne7 6. O-O O-O 7. b3 Nbc6 8. Bb2 Nb4 9. Rfc1 a6 10. Nf4 b5 11. Bd3 Bb7 12. Qe2 Qc7 13. Qe3 Bh6 14. g3 Qc6 15. a3 Nxd3 16. cxd3 e5 17. Nce2 exf4 18. Nxf4 Nf5 19. Qf3 Bg7 20. Bxg7 Kxg7 21. b4 d6 22. bxc5 dxc5 23. Ne2 Rad8 24. Rc3 Nd4 25. Nxd4 Rxd4 26. Rac1 c4 27. dxc4 Rxd2 28. cxb5 Qxb5 29. Qe3 Rfd8 30. Qe1 Qe5 31. Re3 R2d4 32. f3 Rd3 33. Rc4 Rxe3 34. Qxe3 Rd1+ 35. Kg2 Qe6 36. Rb4 Bc8 37. Qc3+ Kg8 38. Rb8 Qh3+ 1/2-1/2

[Event "4NCL Online Division 5"]
[Site "online"]
[Date "2021.09.21"]
[EventDate "2021.09.21"]
[Round "3.252"]
[White "Bench, Fred"]
[WhiteElo "1547"]
[WhiteTeam "Shropshire and Friends 6"]
[Black "Fan, Jiayan"]
[BlackElo "1145"]
[BlackTeam "Watford Juniors B"]
[Result "1-0"]
[PlyCount "43"]

1. e4 e5 2. f4 d6 3. Nf3 Nf6 4. Nc3 h6 5. Bc4 Be6 6. Bxe6 fxe6 7. d3 d5 8. fxe5 Ng4 9. exd5 exd5 10. d4 Nc6 11. h3 Qh4+ 12. Nxh4 Ngxe5 13. dxe5 Nxe5 14. Bf4 Nc6 15. Qh5+ Kd8 16. O-O-O Be7 17. Nxd5 Rc8 18. Nxc7+ Bd6 19. Rxd6+ Ke7 20. Ng6+ Kf7 21. Nxh8+ Kf8 22. Qf7# 1-0

[Event "4NCL Online Division 5"]
[Site "online"]
[Date "2021.09.21"]
[EventDate "2021.09.21"]
[Round "3.254"]
[White "Holmes, Nick D"]
[WhiteElo "1497"]
[WhiteTeam "Shropshire and Friends 6"]
[Black "Sriram, Gautam"]
[BlackElo "724"]
[BlackTeam "Watford Juniors B"]
[Result "1-0"]
[PlyCount "59"]

1. c4 Nc6 2. Nc3 e5 3. f3 Nf6 4. e4 Bc5 5. Nge2 O-O 6. d3 Be7 7. a3 a5 8. g3 d6 9. Bg2 Be6 10. O-O b6 11. f4 exf4 12. Nxf4 Nd4 13. Be3 Nc6 14. b3 Qd7 15. d4 Na7 16. h3 h6 17. d5 Nxd5 18. cxd5 Bxh3 19. Bxh3 Qd8 20. Qg4 Bf6 21. Rac1 c5 22. Nh5 Re8 23. Nxf6+ Kf8 24. Nxe8 Qxe8 25. Ne2 a4 26. b4 cxb4 27. axb4 b5 28. Rc7 Qb8 29. Rcxf7+ Kg8 30. Qxg7# 1-0

[Event "4NCL Online Division 5"]
[Site "online"]
[Date "2021.09.21"]
[EventDate "2021.09.21"]
[Round "3.261"]
[White "Amos, Katherine"]
[WhiteElo "1295"]
[WhiteTeam "Farnham C"]
[Black "Morton, Samuel"]
[BlackElo "1300"]
[BlackTeam "Uxbridge E"]
[Result "1-0"]
[PlyCount "71"]

1. e4 Nc6 2. Nc3 e5 3. Nf3 Bb4 4. a3 Bxc3 5. dxc3 d6 6. Bg5 f6 7. Be3 Bg4 8. Be2 h5 9. h3 Be6 10. Bb5 Qe7 11. Bxc6+ bxc6 12. Nh4 f5 13. exf5 Bc4 14. Ng6 Qf6 15. Nxh8 Qxf5 16. b3 Ba6 17. c4 Qe4 18. O-O O-O-O 19. Nf7 Rf8 20. Ng5 Qg6 21. Qd3 Rf5 22. Rfd1 Bb7 23. b4 h4 24. c5 d5 25. b5 d4 26. Bc1 cxb5 27. Qxb5 Rxg5 28. Bxg5 Nf6 29. c6 Ba8 30. Re1 Ne4 31. Qxe5 Bxc6 32. Bf4 Nd6 33. Qg5 Qf7 34. Re7 Qd5 35. Qg4+ Nf5 36. Rxg7 1-0

[Event "4NCL Online Division 5"]
[Site "online"]
[Date "2021.09.21"]
[EventDate "2021.09.21"]
[Round "3.262"]
[White "Aggarwal, Jai"]
[WhiteElo "1301"]
[WhiteTeam "Uxbridge E"]
[Black "Warnock, Oliver"]
[BlackElo "1294"]
[BlackTeam "Farnham C"]
[Result "0-1"]
[PlyCount "112"]

1. e4 c5 2. Nf3 Nc6 3. d4 cxd4 4. Nxd4 Nf6 5. Nc3 e5 6. Nxc6 bxc6 7. Bg5 h6 8. Bh4 Be7 9. Bc4 Nxe4 10. Bxe7 Nxc3 11. Bxd8 Nxd1 12. Rxd1 Kxd8 13. Bxf7 Ba6 14. Be6 d5 15. b3 Re8 16. Bh3 Kc7 17. g3 e4 18. Bg2 Re7 19. Kd2 Rf8 20. Ke3 g5 21. Bf1 Rf3+ 22. Kd4 Bxf1 23. Rhxf1 Kd6 24. b4 Ref7 25. Rd2 e3 26. Re2 exf2 27. c4 dxc4 28. Kxc4 Kc7 29. Kd4 Kb6 30. Kc4 a6 31. a4 a5 32. Re6 R7f6 33. Re5 axb4 34. Kxb4 R3f5 35. Re2 c5+ 36. Kc4 Ka5 37. Ra2 h5 38. Ra3 Re6 39. Raa1 Re4+ 40. Kd3 Rxa4 41. Rxa4+ Kxa4 42. Ke3 c4 43. Kd4 Kb5 44. Ke4 Rf7 45. Kd4 Rf8 46. Kc3 Kc5 47. Kc2 Rf3 48. Kd2 Kd4 49. Kc2 Ke3 50. Kd1 c3 51. Kc2 Ke2 52. Ra1 f1=Q 53. Rxf1 Rxf1 54. Kxc3 Rf2 55. h4 gxh4 56. gxh4 Rf4 0-1

[Event "4NCL Online Division 5"]
[Site "online"]
[Date "2021.09.21"]
[EventDate "2021.09.21"]
[Round "3.263"]
[White "Franklin, Tony"]
[WhiteElo "1274"]
[WhiteTeam "Farnham C"]
[Black "Gibson, Simon"]
[BlackElo "1300"]
[BlackTeam "Uxbridge E"]
[Result "0-1"]
[PlyCount "134"]

1. c4 c6 2. Nc3 d5 3. e3 e6 4. g3 f5 5. Bg2 Nf6 6. Nge2 Bd6 7. Rb1 Nbd7 8. b4 b6 9. Nd4 Ne5 10. Qc2 Qc7 11. f4 Neg4 12. O-O O-O 13. b5 c5 14. Nc6 Bb7 15. cxd5 Bxc6 16. bxc6 exd5 17. Nxd5 Nxd5 18. Bxd5+ Kh8 19. Bb2 Rad8 20. Qb3 Be7 21. d4 Nxe3 22. Qxe3 Rxd5 23. Qe6 Rd6 24. Qc4 cxd4 25. Bxd4 Rxd4 26. Qe6 Rd6 27. Qe2 Rxc6 28. Rbe1 Bc5+ 29. Kg2 Qc8 30. Qe5 Bd6 31. Qd5 Rc2+ 32. Rf2 Rxf2+ 33. Kxf2 Bc5+ 34. Kg2 Rd8 35. Qf7 Rf8 36. Qxa7 Qa8+ 37. Qxa8 Rxa8 38. Re2 g6 39. h4 h5 40. Re6 Rxa2+ 41. Kh1 Kg7 42. Rc6 Ra1+ 43. Kh2 Rc1 44. Rc7+ Kh6 45. Kg2 Rc2+ 46. Kh1 Rc1+ 47. Kg2 Be3 48. Rc8 Rxc8 49. Kf3 Bxf4 50. gxf4 Rb8 51. Ke3 b5 52. Kd3 b4 53. Kc2 g5 54. fxg5+ Kg6 55. Kb3 f4 56. Kc2 f3 57. Kd2 f2 58. Ke2 b3 59. Kxf2 b2 60. Ke1 b1=Q+ 61. Kd2 Qa2+ 62. Kc3 Rb3+ 63. Kc4 Qa4+ 64. Kc5 Rb5+ 65. Kc6 Qa6+ 66. Kc7 Rb7+ 67. Kc8 Qa8# 0-1

[Event "4NCL Online Division 5"]
[Site "online"]
[Date "2021.09.21"]
[EventDate "2021.09.21"]
[Round "3.264"]
[White "Beazley, Eric"]
[WhiteElo "1123"]
[WhiteTeam "Uxbridge E"]
[Black "Warren, Orla"]
[BlackElo "1146"]
[BlackTeam "Farnham C"]
[Result "0-1"]
[PlyCount "56"]

1. d4 Nf6 2. e3 g6 3. f4 Bg7 4. c4 b6 5. d5 Bb7 6. Nf3 O-O 7. Nc3 c6 8. Be2 cxd5 9. Ng5 dxc4 10. Bh5 gxh5 11. Qxh5 Nxh5 12. O-O h6 13. Nf3 Bxf3 14. gxf3 Bxc3 15. bxc3 d5 16. Kg2 Qd6 17. Kh3 Qg6 18. Ba3 Nc6 19. Rg1 Kh7 20. Rxg6 Kxg6 21. Rg1+ Kh7 22. Kh4 Nf6 23. f5 Rg8 24. Rd1 h5 25. e4 dxe4 26. fxe4 Nxe4 27. Kxh5 Rg5+ 28. Kh4 Rh8 0-1

[Event "4NCL Online Division 5"]
[Site "online"]
[Date "2021.09.21"]
[EventDate "2021.09.21"]
[Round "3.272"]
[White "Mullins, Steven A"]
[WhiteElo "1323"]
[WhiteTeam "Deaf England 2"]
[Black "Bonner, Dennis M"]
[BlackElo "1477"]
[BlackTeam "Shropshire and Friends 7"]
[Result "0-1"]
[PlyCount "106"]

1. e4 c5 2. Qf3 d6 3. Bc4 Nf6 4. d3 e6 5. Bg5 Be7 6. Ne2 a6 7. O-O Nbd7 8. Nbc3 O-O 9. a3 Rb8 10. Rfe1 b5 11. Ba2 Bb7 12. Qg3 Nh5 13. Bxe7 Qxe7 14. Qf3 Nhf6 15. Qg3 Nb6 16. Nf4 b4 17. axb4 cxb4 18. Nce2 e5 19. Nh3 h6 20. Qe3 Bc8 21. Bb3 Qc7 22. Rec1 d5 23. Ng3 d4 24. Qd2 Nbd7 25. Ra4 a5 26. Nf5 Nc5 27. Nxh6+ gxh6 28. Qxh6 Nh7 29. Ng5 Nxg5 30. Qxg5+ Kh7 31. Qh5+ Kg7 32. Raa1 Rh8 33. Qg5+ Kf8 34. Qf6 Kg8 35. Bd5 Rb6 36. Qg5+ Kf8 37. Qd2 Rbh6 38. h3 Qd8 39. Kf1 Ne6 40. Bxe6 Bxe6 41. Ke2 Rh4 42. Rh1 f5 43. f3 Kf7 44. Qe1 f4 45. Kd2 Qg5 46. Qf2 Qd8 47. Ra4 Bd7 48. Raa1 a4 49. Rhg1 Qc7 50. Ke2 b3 51. Rac1 bxc2 52. Kf1 Bb5 53. Rxc2 Bxd3+ 0-1

[Event "4NCL Online Division 5"]
[Site "online"]
[Date "2021.09.21"]
[EventDate "2021.09.21"]
[Round "3.273"]
[White "Smith, Jonathan"]
[WhiteElo "1445"]
[WhiteTeam "Shropshire and Friends 7"]
[Black "Masterson, Desmond"]
[BlackElo "1001"]
[BlackTeam "Deaf England 2"]
[Result "1-0"]
[PlyCount "43"]

1. d4 d5 2. c4 c6 3. Nf3 Nf6 4. e3 e6 5. Nc3 Be7 6. cxd5 cxd5 7. Be2 O-O 8. O-O Nc6 9. a3 a6 10. b4 b5 11. Re1 Qc7 12. Bf1 Bd6 13. g3 Re8 14. Bg2 e5 15. dxe5 Nxe5 16. Bb2 Nxf3+ 17. Qxf3 Ne4 18. Rac1 Qb7 19. Red1 Nxc3 20. Bxc3 Be6 21. e4 Bg4 22. Qxg4 1-0

[Event "4NCL Online Division 5"]
[Site "online"]
[Date "2021.10.05"]
[EventDate "2021.10.05"]
[Round "4.11"]
[White "Pantazopoulos, Stavros"]
[WhiteElo "2184"]
[WhiteTeam "Hebden Bridge 1"]
[Black "Beckett, Phill"]
[BlackElo "1826"]
[BlackTeam "Sheffield Uni '70s graduates"]
[Result "1-0"]
[PlyCount "127"]

1. d4 d5 2. c4 e6 3. Nc3 Nf6 4. cxd5 Nxd5 5. Nf3 c5 6. Bg5 Nxc3 7. bxc3 Qc7 8. Rc1 Nc6 9. e4 cxd4 10. cxd4 Bb4+ 11. Bd2 Qa5 12. Bc4 Bxd2+ 13. Qxd2 O-O 14. Rc3 b6 15. O-O Rd8 16. Rfc1 Bb7 17. Qe3 b5 18. Bb3 Qb6 19. d5 Qxe3 20. fxe3 Na5 21. dxe6 Nxb3 22. exf7+ Kxf7 23. Rxb3 Kg8 24. Rxb5 Bxe4 25. Rc7 Rac8 26. Rxc8 Rxc8 27. Ra5 Rc7 28. Kf2 h6 29. h4 Rf7 30. Kg3 Kh7 31. Ra4 Re7 32. Kf4 Bc6 33. Rd4 Rf7+ 34. Kg3 Re7 35. Kf2 g6 36. Rd6 Bb7 37. a3 Kg7 38. Nd4 Be4 39. Ne6+ Kf6 40. Nc5+ Kf5 41. Rd4 Bb1 42. Kf3 Ke5 43. Nd7+ Ke6 44. Nc5+ Ke5 45. Rb4 Rc7 46. Rb5 Rf7+ 47. Ke2 Be4 48. Nxe4+ Kxe4 49. Ra5 Rb7 50. Ra4+ Ke5 51. Kf3 Rf7+ 52. Rf4 Rc7 53. g4 Rc6 54. Re4+ Kd5 55. g5 hxg5 56. hxg5 Rc7 57. Ra4 Rf7+ 58. Rf4 Re7 59. Rf6 Re6 60. Rxe6 Kxe6 61. Ke4 Kd6 62. Kd4 Ke6 63. e4 Kd6 64. e5+ 1-0

[Event "4NCL Online Division 5"]
[Site "online"]
[Date "2021.10.05"]
[EventDate "2021.10.05"]
[Round "4.12"]
[White "Moore, Brian"]
[WhiteElo "1824"]
[WhiteTeam "Sheffield Uni '70s graduates"]
[Black "Cook, Philip"]
[BlackElo "2149"]
[BlackTeam "Hebden Bridge 1"]
[Result "0-1"]
[PlyCount "36"]

1. c4 e5 2. Nc3 Nf6 3. g3 Nc6 4. Bg2 Bc5 5. e3 d6 6. Nge2 a6 7. d4 Ba7 8. d5 Ne7 9. Qc2 O-O 10. O-O Bd7 11. Bd2 Qc8 12. b4 Bh3 13. a4 h5 14. Ne4 Nxe4 15. Qxe4 Bf5 16. Qh4 Ng6 17. Qg5 f6 18. Qxh5 Kf7 0-1

[Event "4NCL Online Division 5"]
[Site "online"]
[Date "2021.10.05"]
[EventDate "2021.10.05"]
[Round "4.13"]
[White "Eagleton, Greg T"]
[WhiteElo "2065"]
[WhiteTeam "Hebden Bridge 1"]
[Black "McSheehy, Chris J"]
[BlackElo "1721"]
[BlackTeam "Sheffield Uni '70s graduates"]
[Result "1-0"]
[PlyCount "75"]

1. d4 Nf6 2. Nf3 g6 3. Bg5 Bg7 4. Nbd2 d5 5. e3 h6 6. Bh4 O-O 7. Bd3 c5 8. c3 Nc6 9. O-O Be6 10. Re1 c4 11. Bc2 b5 12. e4 dxe4 13. Nxe4 Nxe4 14. Bxe4 Bd5 15. Bxd5 Qxd5 16. Bxe7 Nxe7 17. Rxe7 Bf6 18. Re3 Rfe8 19. Qe2 Rxe3 20. Qxe3 Kg7 21. a3 Rc8 22. Re1 a5 23. h3 Qc6 24. Ne5 Qd5 25. Ng4 Bg5 26. f4 Bd8 27. Qe5+ Qxe5 28. fxe5 Bh4 29. Rd1 Rd8 30. Nf2 Bxf2+ 31. Kxf2 Rd5 32. Ke3 f5 33. Kf4 Kf7 34. g4 Ke6 35. gxf5+ gxf5 36. Rg1 b4 37. axb4 axb4 38. Rg6+ 1-0

[Event "4NCL Online Division 5"]
[Site "online"]
[Date "2021.10.05"]
[EventDate "2021.10.05"]
[Round "4.14"]
[White "Grobler, David"]
[WhiteElo "1664"]
[WhiteTeam "Sheffield Uni '70s graduates"]
[Black "Heritage, Jamie"]
[BlackElo "1915"]
[BlackTeam "Hebden Bridge 1"]
[Result "1-0"]
[PlyCount "89"]

1. e4 e5 2. Nf3 Nc6 3. Nc3 Nf6 4. d4 exd4 5. Nd5 Nb4 6. Bc4 Nbxd5 7. exd5 Bb4+ 8. Bd2 Qe7+ 9. Qe2 Bxd2+ 10. Kxd2 Qxe2+ 11. Kxe2 c5 12. dxc6 bxc6 13. Nxd4 d5 14. Bb3 a5 15. Ba4 Bd7 16. Bxc6 Bxc6 17. Nxc6 Kd7 18. Ne5+ Ke6 19. Nd3 Rac8 20. Rac1 Kf5 21. Rhe1 Rhe8+ 22. Kf1 g5 23. Rxe8 Nxe8 24. f3 h5 25. c3 Nd6 26. Re1 f6 27. Re7 Nc4 28. Ke2 Ne5 29. Nxe5 fxe5 30. Kd3 Rc4 31. b3 Rf4 32. Rf7+ Ke6 33. Rxf4 exf4 34. b4 axb4 35. cxb4 Kd6 36. a4 Kc6 37. Kd4 g4 38. a5 Kb5 39. Kxd5 h4 40. Ke4 h3 41. gxh3 g3 42. hxg3 fxg3 43. Ke3 Ka6 44. f4 g2 45. Kf2 1-0

[Event "4NCL Online Division 5"]
[Site "online"]
[Date "2021.10.05"]
[EventDate "2021.10.05"]
[Round "4.21"]
[White "Brusey, Alan W"]
[WhiteElo "2056"]
[WhiteTeam "Jurassic Coast A"]
[Black "Coathup, Roger H"]
[BlackElo "2192"]
[BlackTeam "Morpeth"]
[Result "1/2-1/2"]
[PlyCount "92"]

1. e4 c5 2. c3 Nf6 3. e5 Nd5 4. d4 cxd4 5. cxd4 e6 6. Nc3 Nxc3 7. bxc3 Qc7 8. Bd2 d6 9. f4 Nd7 10. Nf3 b6 11. Bd3 Bb7 12. O-O Be7 13. Qe2 O-O 14. Ng5 Bxg5 15. exd6 Qxd6 16. fxg5 e5 17. Qf2 exd4 18. cxd4 Qd5 19. Bb4 Rfe8 20. h4 Nf8 21. Bc2 Qd7 22. Bb3 Bd5 23. Bc2 Qg4 24. Bf5 Qe2 25. Qxe2 Rxe2 26. Rf2 Rxf2 27. Kxf2 Ne6 28. Bxe6 fxe6 29. a3 Rc8 30. g3 Rc4 31. Ke3 a5 32. Bd2 Ra4 33. Bc3 b5 34. Kd3 Kf7 35. Bb2 Rc4 36. Rc1 Kg6 37. Rxc4 bxc4+ 38. Kc3 Kf5 39. Bc1 Ke4 40. Bf4 Kf3 41. Bc7 a4 42. Bf4 Ke2 43. Bc7 Ke3 44. Bf4+ Ke2 45. Bc7 Ke3 46. Bf4+ Ke2 1/2-1/2

[Event "4NCL Online Division 5"]
[Site "online"]
[Date "2021.10.05"]
[EventDate "2021.10.05"]
[Round "4.22"]
[White "Symonds, Richard H"]
[WhiteElo "1958"]
[WhiteTeam "Morpeth"]
[Black "Keen, Charles E"]
[BlackElo "1780"]
[BlackTeam "Jurassic Coast A"]
[Result "1-0"]
[PlyCount "69"]

1. d4 Nf6 2. Nc3 g6 3. e4 d6 4. Be2 Bg7 5. h4 h5 6. Bg5 Nbd7 7. Qd2 c5 8. Nf3 cxd4 9. Nxd4 a6 10. O-O-O Qc7 11. f3 b5 12. Kb1 Nc5 13. Bxf6 Bxf6 14. Nd5 Qd7 15. Nxf6+ exf6 16. Qf4 Ke7 17. Rd2 Ne6 18. Qe3 Bb7 19. Rhd1 Rhd8 20. Nf5+ gxf5 21. exf5 Rac8 22. fxe6 Qxe6 23. Qb6 Rd7 24. Bd3 Kf8 25. Re2 Qd5 26. Qe3 Kg7 27. Rf1 Qe5 28. Qf2 Qc5 29. Qg3+ Kh6 30. Qf4+ Kg7 31. g4 Rh8 32. g5 fxg5 33. hxg5 Bd5 34. Qf6+ Kg8 35. Re8# 1-0

[Event "4NCL Online Division 5"]
[Site "online"]
[Date "2021.10.05"]
[EventDate "2021.10.05"]
[Round "4.23"]
[White "Keech, Gabriel"]
[WhiteElo "1612"]
[WhiteTeam "Jurassic Coast A"]
[Black "Eastlake, Phil"]
[BlackElo "1875"]
[BlackTeam "Morpeth"]
[Result "0-1"]
[PlyCount "38"]

1. c4 e5 2. g3 c6 3. Bg2 d5 4. cxd5 cxd5 5. Nc3 d4 6. Qa4+ Bd7 7. Qb3 Nc6 8. Na4 Nf6 9. e3 Be7 10. Ne2 O-O 11. O-O Rb8 12. exd4 exd4 13. Qc2 Nb4 14. Qd1 d3 15. Nf4 Nc2 16. Rb1 Bxa4 17. Qf3 Nd4 18. Qe3 Bc2 19. Ra1 Bc5 0-1

[Event "4NCL Online Division 5"]
[Site "online"]
[Date "2021.10.05"]
[EventDate "2021.10.05"]
[Round "4.24"]
[White "Horton, John G"]
[WhiteElo "1724"]
[WhiteTeam "Morpeth"]
[Black "Southall, Christopher M"]
[BlackElo "1495"]
[BlackTeam "Jurassic Coast A"]
[Result "1/2-1/2"]
[PlyCount "44"]

1. e4 e6 2. d4 a6 3. Nf3 b5 4. Bd3 c5 5. c3 Bb7 6. Bf4 Nf6 7. Nbd2 Qb6 8. a4 Nc6 9. axb5 axb5 10. Rxa8+ Bxa8 11. Qa1 Bb7 12. e5 Nd5 13. Be3 cxd4 14. cxd4 Nxe3 15. fxe3 Nb4 16. Bb1 Be7 17. O-O O-O 18. Qa3 Ra8 19. Qc3 Rc8 20. Qa3 Ra8 21. Qc3 Rc8 22. Qa3 Ra8 1/2-1/2

[Event "4NCL Online Division 5"]
[Site "online"]
[Date "2021.10.05"]
[EventDate "2021.10.05"]
[Round "4.31"]
[White "Domi, Andel"]
[WhiteElo "1940"]
[WhiteTeam "Charlton Cobras B"]
[Black "Stuart, Graham"]
[BlackElo "1769"]
[BlackTeam "Wessex Some Stars E"]
[Result "1-0"]
[PlyCount "93"]

1. e4 e6 2. d4 d5 3. exd5 exd5 4. Nf3 Bd6 5. h3 Nf6 6. Bg5 O-O 7. Nc3 c6 8. Qd2 Qe8+ 9. Be2 Ne4 10. Nxe4 dxe4 11. Nh2 f5 12. Bf4 Qe7 13. Bxd6 Qxd6 14. O-O-O Be6 15. c4 Bf7 16. Kb1 a5 17. f3 Na6 18. fxe4 fxe4 19. Ng4 Bg6 20. Qe3 Nb4 21. Ne5 Nd3 22. Nxd3 exd3 23. Bxd3 Rae8 24. Qg5 Bxd3+ 25. Rxd3 a4 26. Rhd1 Rf2 27. R3d2 Rf6 28. a3 Ref8 29. d5 cxd5 30. Qxd5+ Qxd5 31. cxd5 Rd6 32. Ka2 b5 33. b3 axb3+ 34. Kxb3 Rf4 35. Rd4 Rf2 36. R1d2 Rf8 37. Kb4 Rb8 38. Kc5 Rdd8 39. d6 Kf7 40. Rf2+ Kg8 41. Re2 Rdc8+ 42. Kd5 Rd8 43. Re7 Rb6 44. Kc5 Rbb8 45. d7 Kf8 46. Re5 Rb7 47. Rf4+ 1-0

[Event "4NCL Online Division 5"]
[Site "online"]
[Date "2021.10.05"]
[EventDate "2021.10.05"]
[Round "4.32"]
[White "Jones, Tim"]
[WhiteElo "1755"]
[WhiteTeam "Wessex Some Stars E"]
[Black "Jones, Humphrey C N"]
[BlackElo "1615"]
[BlackTeam "Charlton Cobras B"]
[Result "1/2-1/2"]
[PlyCount "93"]

1. e4 d6 2. d4 g6 3. f4 a6 4. c4 Bg7 5. Nf3 Nd7 6. Nc3 e6 7. Be2 Ne7 8. O-O O-O 9. Be3 b6 10. Qd2 Bb7 11. g4 c5 12. d5 exd5 13. exd5 Nf6 14. h3 b5 15. g5 Ne8 16. Rad1 Nc7 17. b3 Nf5 18. Bf2 Re8 19. Rde1 bxc4 20. bxc4 Rb8 21. Bd3 Bc8 22. Kg2 Bd7 23. Rxe8+ Nxe8 24. Rb1 Rxb1 25. Nxb1 Qb6 26. Qd1 Qb2 27. Qc2 Qxc2 28. Bxc2 Nc7 29. Nbd2 Na8 30. Nb3 Nb6 31. Na5 Bc3 32. Nb7 Nxc4 33. Bd3 Nce3+ 34. Bxe3 Nxe3+ 35. Kg3 Nxd5 36. Bxa6 Nb4 37. Bc4 d5 38. Nxc5 dxc4 39. Nxd7 Nxa2 40. Nb6 Nc1 41. Nxc4 f5 42. Nfe5 Ne2+ 43. Kf3 Ng1+ 44. Kg2 Ne2 45. Kf3 Ng1+ 46. Kg2 Ne2 47. Kf3 1/2-1/2

[Event "4NCL Online Division 5"]
[Site "online"]
[Date "2021.10.05"]
[EventDate "2021.10.05"]
[Round "4.33"]
[White "Stebbings, Robert J"]
[WhiteElo "1607"]
[WhiteTeam "Charlton Cobras B"]
[Black "Pinto, Phil B"]
[BlackElo "1753"]
[BlackTeam "Wessex Some Stars E"]
[Result "1-0"]
[PlyCount "139"]

1. c4 c5 2. Nc3 Nc6 3. g3 Nf6 4. Bg2 e6 5. Nf3 d5 6. cxd5 exd5 7. d4 cxd4 8. Nxd4 Bb4 9. O-O O-O 10. Bg5 Bxc3 11. bxc3 Nxd4 12. cxd4 Be6 13. Qb3 b6 14. Bxf6 gxf6 15. Rfc1 Rc8 16. Rxc8 Qxc8 17. Bxd5 Bxd5 18. Qxd5 Rd8 19. Qf3 Rxd4 20. Qxf6 Qd8 21. Qf3 Qd5 22. Kg2 Qxf3+ 23. Kxf3 Rd2 24. a4 Kg7 25. Ke3 Rb2 26. f4 f5 27. Kf3 h5 28. Ra3 a6 29. h4 b5 30. axb5 axb5 31. Ra5 Kg6 32. Ra6+ Kg7 33. Rb6 b4 34. Ke3 Rb3+ 35. Kd4 Rxg3 36. Rxb4 Rg4 37. Ke5 Rxh4 38. Kxf5 Rh1 39. Kg5 h4 40. Rb7+ Kg8 41. Rb8+ Kg7 42. f5 h3 43. Rb7+ Kf8 44. Rh7 h2 45. Kf6 Kg8 46. Rh4 Ra1 47. Rxh2 Ra6+ 48. Kg5 Ra5 49. e4 Re5 50. Kf4 Ra5 51. e5 Ra4+ 52. Kg5 Kf7 53. e6+ Ke7 54. Rh7+ Kd6 55. Rd7+ Kc6 56. Kf6 Re4 57. Ke7 Rf4 58. f6 Rh4 59. f7 Rh7 60. Ke8 Rh6 61. Re7 Rh8+ 62. f8=Q Rh2 63. Qf3+ Kb5 64. Qd5+ Ka6 65. Qc4+ Ka5 66. Ra7+ Kb6 67. Qc7+ Kb5 68. Qxh2 Kb6 69. Qc7+ Kb5 70. Rb7+ 1-0

[Event "4NCL Online Division 5"]
[Site "online"]
[Date "2021.10.05"]
[EventDate "2021.10.05"]
[Round "4.34"]
[White "Leeson, Chris J P"]
[WhiteElo "1732"]
[WhiteTeam "Wessex Some Stars E"]
[Black "Verbytski, Oleg"]
[BlackElo "1462"]
[BlackTeam "Charlton Cobras B"]
[Result "1-0"]
[PlyCount "117"]

1. d4 Nf6 2. e3 g6 3. Bd3 Bg7 4. Nd2 O-O 5. c3 d5 6. f4 Bg4 7. Ngf3 Nfd7 8. h3 Bxf3 9. Nxf3 c5 10. O-O c4 11. Bc2 Nc6 12. Ne5 Qc7 13. Bd2 a5 14. a4 Rab8 15. Qf3 e6 16. Rae1 Rfd8 17. g4 Ndxe5 18. fxe5 Rf8 19. e4 Ne7 20. exd5 exd5 21. Qg2 Qd7 22. Bg5 Nc6 23. Bf6 Rbe8 24. h4 Bxf6 25. Rxf6 Re6 26. Ref1 Rxf6 27. Rxf6 Re8 28. Rd6 Qc8 29. h5 Ne7 30. hxg6 fxg6 31. Bd1 Rf8 32. Rf6 Kg7 33. g5 Qd8 34. Bf3 Qd7 35. Qh1 Nf5 36. Bxd5 Qxa4 37. Kh2 Ne3 38. Rxf8 Qc2+ 39. Kh3 Kxf8 40. Qf3+ Qf5+ 41. Qxf5+ gxf5 42. Bxb7 Nd1 43. d5 Nxb2 44. d6 a4 45. e6 a3 46. e7+ Kf7 47. Bc6 a2 48. e8=Q+ Kg7 49. Qa8 Na4 50. Qxa4 a1=Q 51. Qxa1 f4 52. Qf1 h5 53. Qxf4 h4 54. Qf6+ Kh7 55. Be4+ Kg8 56. Kg4 h3 57. g6 h2 58. Qf7+ Kh8 59. Qh7# 1-0